Quá trình ngẫu nhiên

Wedi'i Gadw mewn:
Manylion Llyfryddiaeth
Prif Awdur: Dương, Tôn Đảm
Fformat: Llyfr
Iaith:Undetermined
Cyhoeddwyd: Thành phố Hồ Chí Minh Đại học Quốc gia Thành phố Hồ Chí Minh 2010
Pynciau:
Tagiau: Ychwanegu Tag
Dim Tagiau, Byddwch y cyntaf i dagio'r cofnod hwn!
Thư viện lưu trữ: Trung tâm Học liệu Trường Đại học Cần Thơ
LEADER 00665nam a2200193Ia 4500
001 CTU_169414
008 210402s9999 xx 000 0 und d
020 |c 20000 
082 |a 515.3 
082 |b Đ104/P.2 
100 |a Dương, Tôn Đảm 
245 0 |a Quá trình ngẫu nhiên 
245 0 |c Dương Tôn Đảm 
260 |a Thành phố Hồ Chí Minh 
260 |b Đại học Quốc gia Thành phố Hồ Chí Minh 
260 |c 2010 
650 |a Differential equations,Integral equations,Phương trình vi phân,Toán tích phân 
904 |i Liên,Qhieu 
980 |a Trung tâm Học liệu Trường Đại học Cần Thơ